[Event "CB-Emu swiss"]
[Site "?"]
[Date "2017.05.05"]
[Round "3"]
[White "Portorose 32, Mephisto"]
[Black "Polgar, Mephisto"]
[Result "1-0"]
[WhiteElo "2230"]
[BlackElo "2100"]
[Annotator "Komodo 10.3 32-bit (120s)"]
[PlyCount "159"]
[EventDate "2017.??.??"]
[EventType "swiss"]

{A12: Reti-Eröffnung (New-Yorker-System)} 1. b3 d5 2. Bb2 Nf6 3. e3 c6 {
Innovative Eröffnung, kleine Bibliothek. Der Porto muss bereits rechnen...} 4.
Nf3 Bg4 5. c4 {und nun muss auch die elektronische Polgar-Schwester den
Prozessor bemühen.} e6 6. cxd5 (6. h3 Bxf3 7. Qxf3 Bd6 8. cxd5 cxd5 9. Nc3 Nc6
10. Nb5 Be7 11. g4 O-O 12. Nd4 Ne4 13. Nxc6 bxc6 14. Bd3 f5 15. gxf5 Rxf5 16.
Qg2 Rg5 17. Qf1 Bf6 18. Bxf6 Nxf6 19. f4 Rh5 20. Qg2 Qe7 {Blatny,P (2560)
-Lukacs,P (2515) Austria 1998 1-0 (51)}) 6... exd5 7. Be2 $146 (7. h3 Bxf3 8.
Qxf3 Nbd7 9. Bd3 Bd6 10. Bc2 O-O 11. g4 Ne5 12. Qg2 Re8 13. O-O Ng6 14. Bxg6
hxg6 15. d3 g5 16. Nd2 Qe7 17. Nf3 Nd7 18. Nd4 Be5 19. Nf5 Qf6 20. Bxe5 Nxe5
21. d4 Ng6 {Mundet Riera,J (2170)-Iglesias Santos,D (1818) Girona 2012 1-0 (47)
}) 7... Bd6 8. O-O (8. h3 Bxf3 9. Bxf3 Nbd7 $11) 8... O-O 9. Nh4 {Kann man
spielen. Besser gefällt mir jedoch h3} Bxe2 10. Qxe2 Bc7 {Eigentlich spricht
nichts gegen den Entwicklungszug Sbd7} (10... Re8 11. Nf5 $11) 11. Nf5 Re8 12.
Rc1 Nbd7 13. d3 c5 (13... g6 14. Nd4 $11) 14. Nd2 (14. d4 cxd4 15. Nxd4 a6 $11)
14... a6 (14... g6 15. Nh6+ Kf8 16. Ng4 Nxg4 17. Qxg4 $11) 15. d4 b6 (15... g6
16. Nh6+ Kg7 17. Ng4 cxd4 18. Bxd4 $14) 16. Qd3 (16. Rd1 Re6 $14) 16... g6 $11
17. Ng3 Bd6 18. Nf3 {Etwas besser erscheint es mir mit Tc2 die Turmverdopplung
auf der c-Linie anzustreben.} Qc7 19. Rc2 Qc6 20. Rd1 Qb5 {Beide agieren sehr
vorsichtig und geben sich kaum Blößen} 21. Qc3 (21. dxc5 $142 bxc5 22. Ne2
$14) 21... Bc7 $2 (21... Rad8 22. Ba1 $11) 22. dxc5 {In der Meinung wegen der
Fesselung des Springers f6 (es droht matt auf g7) sorglos Txd5 spielen zu
können.} (22. a4 $142 $5 Qc6 23. dxc5 bxc5 24. e4 $16) 22... bxc5 $11 23. Rxd5
$6 (23. Qd2 $142 $5 $11 {ist eine Alternative}) 23... Ba5 $15 {ganz so einfach
ist es aber doch nicht. Zur Verteidigung des Porto sei gesagt, dass ich das
auch nicht sofort gesehen hatte. Aber gut... was heisst das schon....} 24. Qd3
Nxd5 25. Qxd5 Rad8 26. Qc4 {Plötzlich muss der Porto feststellen, dass er dem
Schwarzen auf den Leim gegangen ist und schlechter steht. Ein Bauer für die
Qualität reicht als Kompensation nicht aus.} Bc7 $1 {Sehr gut gespielt.
Schwarz hält sich die Möglichkeit Le5 offen um die lange Diagonale
endgültig zu entschärfen.} 27. Nf1 (27. Qh4 f6 $15) 27... Qxc4 28. Rxc4 f5 {
Jetzt wäre allerdings Ld6 etwas stärker. Aber der Textzug verdirbt nichts.} 29.
h3 Re6 30. Ba3 Bd6 31. Ng5 (31. Ra4 Be7 $17) 31... Ree8 $17 32. Rc3 {und was
will er da? Ta4 sieht besser aus.} h6 (32... a5 33. g4 $17) 33. Nf3 Kh7 (33...
Nf6 34. Rc2 $15) 34. N1d2 $15 f4 (34... Be7 35. Rc2 $15) 35. Nc4 $11 Bc7 36.
Rc1 (36. exf4 Bxf4 37. g3 Bc7 $15) 36... fxe3 $15 37. fxe3 Bg3 (37... a5 38.
Kf2 $15) 38. Rf1 (38. Kf1 Bc7 $15) 38... g5 $15 39. Nfd2 (39. Rc1 Rc8 $17)
39... Kg6 $17 40. Rd1 (40. Ra1 $17) 40... Re7 {Die erste Zeitkontrolle ist
vorbei. Schwarz steht etwas besser. Doch in dieser Stellung wird es schwer
irgendwelche Vorteile auch zu realisieren, zumal der Portorose ein
ausgezeichneter Verteidiger ist.} (40... Ne5 $142 $5 41. Rb1 Nd3 $17) 41. Nf3
$15 Rde8 (41... Ree8 42. Kf1 $15) 42. Rd5 (42. Kf1 a5 $15) 42... Kh7 (42... g4
$5 43. hxg4 Nf6 $15) 43. Bxc5 $11 Nxc5 44. Rxc5 Kg6 {Und schon steht das Spiel
wieder nahezu gleich.} (44... Rg8 45. Ra5 $11) 45. Ra5 Re6 46. e4 $4 {Hier
wäre wohl Td5 die bessere Wahl. Nun jedoch  wendet sich das Blatt} (46. Kf1 $5
$11) 46... Bc7 {Auch hier war Td8 besser.} (46... Rxe4 $142 $5 47. Rxa6+ Kg7
$19) 47. Ra3 $17 Rc6 (47... Bg3 48. Nfd2 $17) 48. e5 $15 Bb8 (48... h5 49. Kf2
$15) 49. Ra4 Rd8 50. Kf1 Kf7 51. Rb4 Bc7 52. Ke2 (52. Rb7 Ke6 $11) 52... Rc5 (
52... Rb8 53. Ra4 a5 54. Ke3 $11) 53. Rb7 $14 Ke6 {Mehr und mehr zeigen sich
die positionellen Qualitäten des Porto. Während Polgar kein Konzept findet,
verbessert der Ex-Weltmeister immer mehr seine Stellung.} 54. Ke3 Kd5 55. Ra7
a5 {Es ist schon beeindruckend, wie der Porto hier langsam aber sicher in
Vorteil kommt.} 56. Ra6 {Hier hätte mich allerdings Kd3 mehr überzeugt.} Rc6
57. Rxc6 Kxc6 58. Ke4 Rf8 (58... Rd1 59. a3 $14) 59. Nd4+ Kd7 60. e6+ {Auf den
muss Schwarz aufpassen} Ke8 $4 (60... Kd8 $142 $14 {war relativ besser}) 61.
Nf5 $18 Rf6 62. e7 {Se5 war weit stärker} (62. Ne5 $142 {ließe Schwarz keine
Chance} Rxe6 63. Ng7+ Ke7 64. Nxe6 Kxe6 65. Nc6 $18) 62... Re6+ 63. Kf3 {
Jetzt schwächelt der Porto etwas. Besser war Kd5} Rc6 64. g4 Ra6 (64... Kd7 $5
$11 {ist zu erwägen}) 65. Ke4 $16 Kd7 66. Kd5 Ra8 $4 {führt zu weiteren Sorgen}
(66... Rf6 67. Nd2 Rxf5+ 68. gxf5 Kxe7 69. Ne4 $18) 67. Kd4 (67. Nd2 $142 {
lässt dem Gegner kaum Chancen} Bd8 68. exd8=Q+ Rxd8 $18) 67... Ke8 $2 (67...
Ra6 $142 $5 $16) 68. Kc5 (68. Kd5 $142 {wäre im Gewinnsinne präziser} Ra6 69.
a3 $18) 68... Ra6 $4 {auch bessere Züge hätten die Partie nicht gerettet.} (
68... Kd7 $142 69. Kd5 Ra6 $18) 69. Nce3 {Mehr und mehr kommt nun der Polgar
unter Druck} Be5 70. Nd5 Ra8 (70... Re6 {nützt auch nichts mehr} 71. Kb5 $18)
71. Nb6 Rb8 72. Nc4 Bc7 73. Kc6 Bh2 74. Nxa5 Ra8 75. b4 {Der Rest ist - wie
man so schön sagt - eine Sache der Technik. Und die beherrscht der Porto...}
Rb8 (75... h5 {hilft auch nicht mehr} 76. a3 $18) 76. a3 {Sofort b5 ginge
etwas schneller} Bf4 (76... Rc8+ {ist ein letzter Versuch} 77. Kd5 Rc1 $18) 77.
Nc4 Ra8 78. b5 Kf7 79. b6 Rb8 80. b7 {Da hilft kein Schummeln mehr. Selbst
wenn der Porto das von Komodo gefundene erzwungene Matt nicht sehen kann. Als
nächstes läuft Kamerad a-Bauer und Schwarz hat keine Gegenwehr mehr gegen
den Bauernaufstand. Daher Sieg für Weiss. Eine großartige Endspielleistung
des Porto} (80. b7 Rh8 81. Ncd6+ Ke6 82. e8=Q+ Rxe8 83. Ng7+ Ke5 84. Ngxe8 Kd4
85. b8=Q Ke3 86. Qb3+ Kf2 87. Qc2+ Kf3 88. Nf6 Kg3 89. Nf5+ Kf3 90. Ne4 Be3 91.
Qd3 Kg2 92. Qxe3 Kh1 93. Qf2 h5 94. Neg3#) 1-0

[Event "CB-Emu swiss"]
[Site "?"]
[Date "2017.05.09"]
[Round "3"]
[White "Genius 030 London V5, Mephisto"]
[Black "Super Expert C, Novag"]
[Result "1-0"]
[WhiteElo "2330"]
[BlackElo "2140"]
[Annotator "Komodo 10.3 32-bit (60s)"]
[PlyCount "83"]
[EventDate "2017.??.??"]
[EventType "swiss"]

{C45: Schottische Partie} 1. e4 e5 2. Nf3 Nc6 3. d4 exd4 4. Nxd4 Bc5 5. Be3 Qf6
6. c3 Nge7 7. Bc4 Ne5 {erster berechneter Zug Schwarz} 8. Be2 d5 9. O-O Qg6 10.
Bh5 Qf6 11. Nd2 (11. Nb5 Qc6 12. Bxc5 Qxc5 13. Qd4 Qxb5 14. Qxe5 Qxb2 15. Qxg7
Rf8 16. exd5 Bf5 17. d6 cxd6 18. Qd4 Qxa1 19. Qa4+ Kd8 20. Qa3 Qxb1 21. Qxd6+
Ke8 22. Rxb1 Bxb1 23. Qb4 Bf5 24. Bf3 f6 25. Bxb7 Rd8 {Yildiz,B (2217)-Aggelis,
N (2296) Chalkida 2009 0-1}) 11... O-O 12. Qe2 $146 {erster berechneter Zug
Weiss} (12. f4 N5c6 13. e5 Qh6 14. N2b3 Bb6 15. Qf3 Nf5 16. Bf2 Nfxd4 17. Nxd4
Nxd4 18. Bxd4 Bf5 19. Bg4 Be4 20. Qe3 {1/2-1/2 (20) Pavasovic,D (2564)-Gostisa,
L (2404) Ljubljana 2006}) 12... g6 {Verhindert das Eindringen auf f5} (12...
Qh4 13. Rfe1 Bb6 14. Nc2 $11) 13. f4 $14 {Besser gefällt mir hier exd5 mit der
Folge 13. ...Sxd5 14. Se4} gxh5 (13... N5c6 14. e5 Qh4 15. Bf3 $16) 14. fxe5
$16 Qxe5 15. N4f3 (15. Rae1 dxe4 16. Bh6 Bxd4+ 17. cxd4 Qxd4+ 18. Kh1 Bg4 19.
Qxe4 Qxe4 20. Nxe4 Nd5 $16) 15... Bxe3+ {Dd6 wäre hier deutlich stärker.} (
15... Qd6 16. Bxc5 Qxc5+ 17. Nd4 $14) 16. Qxe3 $14 Qf6 {Durch den Läufertausch
steht Weiss nun besser. Die Figuren haben einen besseren Wirkungsgrad, die
schwarze Königsstellung ist offen und der Mehrbauer des Schwarzen wird sich
nicht lang halten können.} 17. Nd4 Qg6 $6 {Besser De5 um c7 zu überdecken.} (
17... Qg7 18. Nb5 Bg4 19. h3 $16) 18. Nb5 $16 dxe4 (18... Bg4 $5 19. Nxc7 Rad8
$16) 19. Nxc7 Nf5 $2 (19... Rb8 $5 20. Nxe4 Bf5 $16) 20. Qf4 $18 Rb8 {Schwarz
hat es nicht geschafft, seine Entwicklung zu vollenden, während die weissen
Figuren optimal aufgestellt sind.} 21. Nxe4 h4 $6 {wehrt sich kaum} (21... Bd7
22. Rad1 Rbd8 23. Rd5 $18) 22. Ne8 $1 {Abzugsangriff: c7, Df4xb8} Ra8 $2 (22...
Rxe8 23. Qxb8 {Abzugsangriff}) 23. Qe5 Ng7 24. Nc7 (24. N4f6+ {ist genauer} Kh8
25. Qe7 Rg8 $18) 24... h3 (24... Bh3 25. Ng5 Bf5 26. Nxa8 Rxa8 27. Qf4 $18) 25.
Rf2 (25. g3 {lässt dem Gegner kaum Chancen} Kh8 26. Nxa8 Re8 $18) 25... Be6 (
25... f5 {holt die Kuh nicht vom Eis} 26. Nxa8 fxe4 27. Rxf8+ Kxf8 28. g3 $18)
26. Nxa8 (26. Nf6+ {wäre im Gewinnsinne präziser} Kh8 27. Nxa8 Rxa8 $18) 26...
Rxa8 27. g3 (27. Nf6+ $142 {gibt noch größeren Vorteil} Kh8 28. Rd1 Bg4 $18)
27... Kh8 28. Rf6 (28. Qd4 $142 {und Weiß hätte es noch leichter} f5 29. Nc5 b5
$18) 28... Qg4 (28... Qh5 {nützt auch nichts mehr} 29. Qd4 $18) 29. Nd6 (29.
Re1 $5 {ginge schneller} Qh5 30. Qxh5 Nxh5 $18) 29... Kg8 {Der Expert muss
mehr oder weniger hilflos zusehen, wie sein Königreich vom Genius demontiert
wird.} 30. Nxb7 Bxa2 {Das ist schon fast Verzweiflung. Dc4 wäre eventuell zu
prüfen.} (30... Bf5 {verlängert das Leiden} 31. Qe7 Rf8 $18) 31. Nd6 Bb3 32.
Nxf7 $1 {und aus.} Bxf7 33. Rxf7 $1 {Doppelangriff: g4/f7} Kxf7 34. Rf1+ Kg8
35. Qd5+ Qe6 36. Qxa8+ Ne8 37. Qxa7 Qd5 (37... h6 $18 {lenkt vielleicht noch ab
}) 38. Qf2 Nf6 39. Qf3 Qxf3 40. Rxf3 Kf7 41. Kf2 {Besser Txf6. Aber auch so
ist das Spiel praktisch entschieden.} Ke6 42. Rxf6+ {Aber jetzt. Das
Bauernendspiel muss man nicht weiter fortführen. Schwarz hat keine Chance die
Bauern aufzuhalten. Daher für den Genius London als gewonnen abgeschätzt.} (42.
Rxf6+ Kxf6 43. b4 Ke5 44. c4 Ke6 45. Ke3 Kd6 46. Kd4 Kc7 47. Kd5 Kd7 48. c5 h5
49. c6+ Kc7 50. Kc5 h4 51. gxh4 Kd8 52. Kd6 Kc8 53. h5 Kd8 54. c7+ Kc8 55. h6
Kb7 56. h7 Kb6 57. h8=Q Kb5 58. Qc3 Ka6 59. c8=Q+ Kb5 60. Q8c6#) 1-0

[Event "CB-Emu swiss"]
[Site "?"]
[Date "2017.05.09"]
[Round "3"]
[White "Genius 030 V4.01 OC, Mephisto"]
[Black "Excel 68000, Fidelity"]
[Result "1-0"]
[WhiteElo "2370"]
[BlackElo "1960"]
[Annotator "Komodo 10.3 32-bit (60s)"]
[PlyCount "93"]
[EventDate "2017.??.??"]
[EventType "swiss"]

{C45: Schottische Partie} 1. e4 e5 2. Nf3 Nc6 3. d4 exd4 4. Nxd4 Bc5 5. Be3 Qf6
6. c3 Nge7 7. Bc4 Ne5 {erster berechneter Zug Schwarz} 8. Be2 d5 9. O-O O-O {
Die Abweichung von der Partie London-Super Expert.} 10. f4 N5c6 11. e5 Qh6 12.
Qd2 {erster berechneter Zug Weiss} Bd7 $4 $146 {Soviel zum Erfolg der
Umsetzung der Spacklen Programme auf den 68000... Ein böser Fehler. Nun gerät
die schwarze Dame in Schwierigkeiten... Besser war 12. Lxd4 13. Lxd4 Lf5} (
12... Bxd4 13. cxd4 Qg6 (13... Nf5 14. Nc3 Nxe3 15. Qxe3 Ne7 16. Bd3 Bd7 17.
Qf3 Qb6 18. Qf2 f6 19. Kh1 fxe5 20. Bxh7+ Kxh7 21. Qh4+ Kg8 22. Qxe7 Rf7 23.
Qxe5 Qxb2 24. Rac1 Re8 25. Qg5 c5 26. Nxd5 cxd4 27. f5 Bxf5 28. Ne7+ {Gruber,G
(2102)-Braun,K (2140) Gmunden 2005 1/2-1/2 (35)}) 14. Rf3 (14. Nc3 Bf5 15. Rf2
h5 16. Rf3 Bg4 17. Bd3 Qe6 18. Rf2 h4 19. Na4 Rae8 20. Nc5 Qc8 21. Rc1 h3 22.
Bf1 Nd8 23. Rc3 c6 24. gxh3 Bxh3 25. Bxh3 Qxh3 26. Rg2 b6 27. Bf2 Qc8 28. Nb3
Nf5 {Sanchez,J (2496)-Dobrev,N (2448) France 2007 1-0 (61)}) 14... Bf5 15. Nc3
Qe6 16. Raf1 Bg4 17. R3f2 Bxe2 18. Nxe2 f5 19. b4 Nc8 20. Qc3 a6 21. Bc1 Nb6
22. g4 Ne7 23. Ng3 Nc4 24. h4 Rf7 25. Qd3 Raf8 26. a4 h5 27. gxh5 {Nazarov,E 
(2126)-Rahman,A Tashkent 2010 1-0 (46)}) (12... Qh4 13. f5 Bxd4 14. cxd4 Nxf5
15. Nc3 Nxe3 16. Qxe3 Qxd4 17. Qxd4 Nxd4 18. Bf3 Nxf3+ 19. Rxf3 Bg4 20. Rg3 Be6
21. Rd1 Rad8 22. Rgd3 c6 23. Na4 Rfe8 24. Nc5 b6 25. Nb3 Bg4 26. Re1 Bf5 27.
Rd2 {Hofmann,C-Chlebek,J Kemer 2009 0-1 (59)}) (12... Qh4 $142 $14 {war noch
möglich}) 13. f5 $18 Bxd4 (13... Qh4 {hilft allerdings auch nicht} 14. Rf4 Qg5
15. Rg4 Qxe3+ 16. Qxe3 Nxf5 17. Qd2 $18) 14. cxd4 Qh4 15. Rf4 Qg5 16. h4 {
da geht sie hin. Ein kurzes Gastspiel der schwarzen Dame...} Qxf4 17. Bxf4 Nxf5
18. Be3 Nxh4 19. Nc3 Be6 20. Nb5 (20. Na4 {gibt noch größeren Vorteil} Ne7 $18)
20... Rfc8 21. Bf2 Nf5 22. Rf1 a6 23. Nc3 Nce7 (23... Nfe7 {ändert nichts am
Ausgang der Partie} 24. Rc1 $18) 24. g4 Nh6 25. Qg5 Re8 26. Be3 Kh8 (26... c5 {
macht keinen großen Unterschied} 27. dxc5 Rad8 28. Rd1 $18) 27. Qh4 (27. Qh5
$142 {und Schwarz kann direkt aufgeben} Ng6 28. Bxh6 gxh6 29. Qxh6 Rg8 $18)
27... Ng6 {So leichtsinnig der Excel anfangs war, so umsichtig ist er jetzt
bei der Verteidigung. Helfen wird es freilich auf Dauer wenig.} 28. Qh1 Nxg4
29. Bxg4 Bxg4 30. Nxd5 (30. Rxf7 $142 {lässt dem Gegner kaum Chancen} c6 31.
Rxb7 h5 $18) 30... Rf8 (30... c6 {wäre gleichermaßen fruchtlos} 31. Nc7 Be6 32.
a4 $18) 31. Nxc7 Rab8 (31... Rad8 {ändert nichts mehr} 32. Qxb7 Bh3 33. Rf2 $18
) 32. Rf2 (32. Qe4 {damit würde Weiß es sich noch erleichtern} Rbc8 33. Qxg4
Rxc7 $18) 32... h5 (32... Kg8 {hilft auch nicht mehr} 33. Qe4 Rbc8 34. Qxb7 $18
) 33. Bg5 Kg8 34. Qd5 Nh8 (34... b6 $18 {ist ein letzter Strohhalm}) 35. e6 {
Schneller geht es mit 35. Le7 Tfc8 36. Ld6 Td8 37. e6} fxe6 36. Rxf8+ Rxf8 37.
Qxb7 {Stärker ist Sxe6} (37. Nxe6 $142 {sichert den Gewinn} Rf7 38. Qd8+ Kh7
39. Nf8+ Rxf8 40. Qxf8 h4 $18) 37... a5 38. Qa7 (38. Qb6 $142 {erleichterte
Weiß die Gewinnführung} Nf7 39. Bf4 Nh8 40. Nxe6 Rf6 41. Qd8+ Kh7 42. Nf8+ Rxf8
43. Qxf8 Ng6 $18) 38... e5 {Verstehen muss man diesen Zug nicht. Besser war Kh7
} (38... Kh7 $18 {hätte noch versucht werden können}) 39. dxe5 Nf7 (39... Ng6 {
ändert den Lauf der Dinge nicht} 40. e6 Kh7 41. e7 Nxe7 42. Bxe7 $18) 40. e6
Nxg5 41. e7 Rc8 42. e8=Q+ Rxe8 43. Nxe8 Ne6 44. Kf2 {Gut gespielt. Der a-Bauer
läuft nicht weg, der schwarze König kommt nicht nach f7 und Schwarz ist im
Zugzwang.} h4 45. Qxa5 {De7 hätte das Spiel schneller beendet.} Kf8 46. Nd6 (
46. Qb4+ $142 {entschiede die Partie sofort} Kxe8 47. Qxg4 $18) 46... g5 {
Der letzte Fehler. Aber es war sowieso vorbei.} 47. Qa7 {Nun ist es nur noch
eine Frage der Zeit bis Schwarz matt wird. Eine sehr enttäuschende Leistung,
die der Excel hier geboten hat. Allein die zähe Verteidigung zeigt, dass er es
eigentlich besser können müsste.} (47. Qa7 Bh5 48. Nf5 Kg8 49. Qe7 Bf7 50. Qf6
Kf8 51. Nd6 Nd8 52. Qxd8+ Kg7 53. Qxg5+ Kf8 54. Qf6 Kg8 55. Qxf7+ Kh8 56. Nf5
h3 57. Qg7#) 1-0

[Event "CB-Emu swiss"]
[Site "?"]
[Date "2017.04.20"]
[Round "3"]
[White "Vancouver 32, Mephisto"]
[Black "Dallas, Mephisto"]
[Result "1/2-1/2"]
[WhiteElo "2260"]
[BlackElo "2120"]
[Annotator "Komodo 10.3 32-bit (60s)"]
[PlyCount "55"]
[EventDate "2017.??.??"]
[EventType "swiss"]

{D46: Damengambit (Halbslawisch)} 1. Nf3 d5 2. d4 Nf6 3. c4 c6 4. Nc3 e6 5. e3
Bd6 6. Bd3 Nbd7 7. e4 dxe4 8. Nxe4 Nxe4 9. Bxe4 O-O 10. O-O h6 11. Bc2 Nf6 12.
Re1 c5 (12... b5 13. c5 Bc7 14. Ne5 Bxe5 15. Rxe5 Nd5 16. Qd3 f5 17. Bd2 a5 18.
Bb3 Ra7 19. a3 a4 20. Ba2 Raf7 21. Rae1 Bd7 22. Qg3 Qf6 23. h4 Kh7 24. Bf4 Qg6
25. Qxg6+ Kxg6 26. Rxe6+ Bxe6 27. Rxe6+ {Nikolaidis,I (2529)-Karayannis,A 
(2328) Katakolo 2009 1-0 (36)}) 13. dxc5 $146 (13. Be3 Ng4 (13... cxd4 14. Bxd4
Be7 15. Ne5 Bd7 16. Qd3 Be8 17. Ng4 g6 18. Nxh6+ Kg7 19. Ng4 Rh8 20. Qc3 Bc6
21. Rad1 Qc7 22. Be5 {1-0 (22) Ivanov,T (2325)-Boychuk,E (1889) St Petersburg
2011}) (13... Qc7 14. h3 Rd8 15. Qe2 b6 16. Rad1 Bb7 17. dxc5 Bxc5 18. Bd2 Rac8
19. Bc3 Qf4 20. Be5 Bxf3 21. Bxf4 Bxe2 22. Rxd8+ Rxd8 23. Rxe2 Rd4 24. Be5 Rxc4
25. b3 Rh4 26. Rd2 Nd5 27. Kh2 f6 28. g3 {Altmann,C (2052)-Hahn,C (2125)
Bayern 2003 1-0 (122)}) 14. Qd3 g6 15. dxc5 Be7 16. Bd4 Qc7 17. h3 Nf6 18. Qe3
Kg7 19. Ne5 Rd8 20. Ng4 Rxd4 21. Qxd4 Qxc5 22. Qxc5 Bxc5 23. Nxf6 Kxf6 24. Rad1
b6 25. Be4 Rb8 26. Rd8 Be7 27. Rh8 Kg7 {Pert,R (2298)-Hersvik,A Brattas Skole
2000 1-0 (34)}) 13... Bxc5 14. Be3 Bxe3 15. Rxe3 Qc7 16. Ne5 b6 17. Ng4 Nxg4
18. Qxg4 Bb7 19. Rae1 Qd8 20. b3 Qd2 21. R3e2 Qa5 22. Qf4 Qc5 (22... Rad8 23.
Qc7 Rd2 24. Bb1 $11) 23. Re3 Rad8 24. Rg3 Kh8 25. Rh3 {Weiß droht Matt} Kg8 26.
Rg3 Kh8 27. Rh3 {Zweifache Stellungswiederholung} Kg8 28. Rg3 1/2-1/2

[Event "CB-Emu swiss"]
[Site "?"]
[Date "2017.05.11"]
[Round "3"]
[White "Super Expert B, Novag"]
[Black "Chessgenius 1, DOS."]
[Result "1/2-1/2"]
[WhiteElo "2130"]
[BlackElo "2284"]
[Annotator "Komodo 10.3 32-bit (60s)"]
[PlyCount "109"]
[EventDate "2017.??.??"]
[EventType "swiss"]

{B22: Sizilianisch (Alapin 2.c3)} 1. e4 c5 2. c3 d5 3. exd5 Qxd5 4. d4 Nf6 5.
Nf3 Bg4 6. Be2 e6 7. Na3 Nc6 {erster berechneter Zug Schwarz} 8. Nb5 {recht
nett was man dem Buch des Super Expert da mitgegeben hat, aber die beste
Fortsetzung ist das nicht. Schwarz gleicht hier ganz leicht aus.} O-O-O {
Nun muss auch der Super Expert rechnen.} (8... Qd8 9. Bf4 Nd5 10. Bg5 Be7 11.
Bxe7 Qxe7 12. dxc5 Qxc5 13. Qa4 Bxf3 14. Bxf3 O-O 15. O-O a6 16. Nd4 Nxd4 17.
cxd4 Qb6 18. Qb3 Qxb3 19. axb3 Rfd8 20. Rfc1 Rd7 21. Rc4 Rad8 22. g3 g6 23. Rc5
{Oblitas Guerrero,C (2440)-Szekely,P (2455) Budapest 1995 0-1 (44)}) 9. O-O (9.
Bf4 cxd4 10. Nbxd4 e5 11. Nxe5 Nxe5 12. O-O Bxe2 13. Qxe2 Ng6 14. Bg3 Bd6 15.
Rad1 Rhe8 16. Qc2 Bxg3 17. fxg3 Ng4 18. Ra1 {0-1 (18) Bellahcene,A (1462)
-Chung,M (1822) Saint Paul Trois Chateaux 2013}) 9... a6 10. h3 $146 {Da wäre
mir jetzt sowas verrücktes wie 11. a4 in den Sinn gekommen...} (10. Na3 cxd4
11. Nxd4 (11. Nc4 Bc5 12. cxd4 Bxf3 13. dxc5 Qxd1 14. Nb6+ Kb8 15. Bf4+ e5 16.
Bxd1 Rxd1 17. Bxe5+ Nxe5 18. Raxd1 Bxd1 19. Rxd1 Kc7 20. b4 Rd8 21. Re1 Re8 22.
Rd1 Nd3 {0-1 (22) Jentsch,D (2203)-Siegmund,R (2076) Templin 2004}) (11. cxd4
Bxf3 12. Bxf3 Qxd4 13. Qb3 Nd5 14. Nc4 Bc5 15. Bg5 f6 16. Rad1 Qxd1 17. Rxd1
fxg5 18. Bxd5 exd5 19. Nb6+ Bxb6 20. Qxb6 Rhe8 21. Kf1 Re4 22. a3 h6 23. b3 Rh4
24. h3 g4 25. g3 Rxh3 {Manco,J-Esplana,B Peru 1997 0-1 (47)}) 11... Bxe2 12.
Qxe2 Nxd4 13. cxd4 Bxa3 14. bxa3 Qd6 15. Be3 Nd5 16. Rfc1+ Kb8 17. Bg5 Rc8 18.
Qd3 h6 19. Bd2 Rcd8 20. Rab1 Rd7 21. Rb3 Nf6 22. Rcb1 Nd5 23. Be3 Rc8 24. Bd2
Rc6 {Hussain Ali,A-Martinez,A Yerevan 1996 1/2-1/2 (36)}) 10... Bh5 (10... Bxh3
11. gxh3 axb5 12. a4 $11) 11. Na3 (11. a4 Qf5 $11) 11... cxd4 12. cxd4 Bxf3 13.
Bxf3 Qxd4 14. Qc2 Bxa3 (14... Qc5 15. Bxc6 Qxc6 16. Qxc6+ bxc6 17. Nc4 $11) 15.
Bxc6 {Weiss will hiermit die schwarze Königssicherheit verschlechtern...
leider ist das nicht das einzige Kriterium nach dem eine Partie entschieden
wird...} Qc5 16. Bxb7+ {Hier wäre Db3 wohl besser} Kxb7 17. Qb3+ Bb4 18. a3 Qb5
19. axb4 {Dxb4 wäre hier erwägenswert.} Rd3 20. Qc2 Rc8 21. Qe2 Rd5 (21... Rb3
22. Qxb5+ axb5 23. Be3 $11) 22. Qf3 Qxb4 (22... Qd3 23. Be3 $14) 23. Bf4 Rc4 {
Der Super Expert spielt diesmal bemerkenswert gut. Das Spiel steht völlig
gleich.} (23... Rc6 24. Bh2 $14) 24. Be5 (24. Bh2 Rc6 $14) 24... Rc2 (24... Qb5
25. Rfe1 $16) 25. Rac1 (25. Rfe1 Qb5 $14) 25... Qc4 $14 26. Bf4 Nd7 27. b3 Qc6
28. Rxc2 Qxc2 {Der Abtausch war nicht die beste Idee. Nun kommt Schwarz in
Vorteil. Weiss hätte gut daran getan mit 28. Dg4 die Spannung aufrecht zu
erhalten.} 29. Rc1 Qd3 30. Be3 $2 {Widerum war Dg4 besser} (30. Qg4 Qf5 31. Qg3
Rc5 $11) 30... Ne5 31. Qg3 g6 32. Qh4 Rd7 {gut gespielt. Nach 32. ...Dxb3 33.
Df6 wäre der geringe schwarze Vorteil dahin.} 33. Rc5 {Dxh7 wäre hier besser.}
Nc6 34. Rc1 (34. Qa4 Rc7 $11) 34... Nd4 (34... f5 35. Qa4 Qb5 36. Qa1 $11) 35.
Bxd4 Qxd4 36. Qxh7 Qd2 37. Ra1 Qb2 38. Re1 Qxb3 39. Qg7 a5 40. Qa1 Ka6 41. Qc1
Ka7 42. Qc6 {Tja, die Zeitkontrolle ist vorbei und überraschenderweise ist es
Genius bisher nicht gelungen seine Vorteile zu realisieren. Man darf gespannt
sein, ob es ihm gelingt den a-Bauern durchzubringen.} Qb7 43. Qa4 Qd5 44. Ra1
Kb6 45. Qf4 {Was will er denn da? Tb1 hätte das Remis gesichert. (45. Tb1+ Kc7
46. Ta1)} Ka6 46. Qc1 Rb7 47. Qc8 Qd7 48. Qa8+ Ra7 49. Qb8 Qc7 50. Qe8 Qb6 51.
Qc8+ Rb7 52. Qa8+ Qa7 53. Qc8 Qb6 54. Qa8+ {Zweifache Stellungswiederholung}
Ra7 55. Qc8+ {Tja, und da beide die Züge weiter wiederholen wollen wurde das
Spiel nun endgültig Remis gegeben. Eins muss man sagen: Die Super Experts
glänzten zwar nicht gerade durch attraktives und logisches Spiel, aber die
B-Version hat hier durchaus überzeugt.} 1/2-1/2